00850nam a22002417a 4500003001100000005001700011008004100028020001800069040003900087041000800126082001600134245008600150260005300236300005600289650004800345700002700393700002200420700002700442700002600469942000700495952009100502999001500593LK-CoMWRAF20231213115706.0231213b2008 |||||||| |||| 00| 0 eng d a9789551800055 aLK-CoMWRAFdLK-CoMWRAFeLK-CoMWRAF aeng a320.95bPOW a Power-sharing in Sri Lanka : bconstitutional and political documents, 1926-2008 aColombo, bCentre for Policy Alternatives c2008 a 896 p. : ill. 1 map ; 29 cmbBibliography included aSri Lanka- Politics and government -Sources a Edrisinha, Rohaneed. aGomez, Marioeed. aThamilmaran, V.T.eed. aWelikala, Asangaeed. cBK 00104070aMAINbMAINd2023-12-13l0o320.95 POWpRAF4536r2023-12-13w2023-12-13yBK c4402d4402